<?xml version="1.0" encoding="UTF-8"?>
<record
    xmlns:xsi="http://www.w3.org/2001/XMLSchema-instance"
    xsi:schemaLocation="http://www.loc.gov/MARC21/slim http://www.loc.gov/standards/marcxml/schema/MARC21slim.xsd"
    xmlns="http://www.loc.gov/MARC21/slim">

  <leader>01912cam a2200181   4500500</leader>
  <controlfield tag="005">20260405090548.0</controlfield>
  <datafield tag="041" ind1=" " ind2=" ">
    <subfield code="a">fre</subfield>
  </datafield>
  <datafield tag="042" ind1=" " ind2=" ">
    <subfield code="a">dc</subfield>
  </datafield>
  <datafield tag="100" ind1="1" ind2="0">
    <subfield code="a">Comit&#xE9; national pilote d&#x2019;&#xE9;thique du num&#xE9;rique</subfield>
    <subfield code="e">author</subfield>
  </datafield>
  <datafield tag="700" ind1="1" ind2="0">
    <subfield code="a">Comit&#xE9; national pilote d&#x2019;&#xE9;thique du num&#xE9;rique</subfield>
    <subfield code="e">author</subfield>
  </datafield>
  <datafield tag="700" ind1="1" ind2="0">
    <subfield code="a">Germain, &#xC9;ric</subfield>
    <subfield code="e">author</subfield>
  </datafield>
  <datafield tag="700" ind1="1" ind2="0">
    <subfield code="a">Kirchner, Claude</subfield>
    <subfield code="e">author</subfield>
  </datafield>
  <datafield tag="700" ind1="1" ind2="0">
    <subfield code="a">Tessier, Catherine</subfield>
    <subfield code="e">author</subfield>
  </datafield>
  <datafield tag="245" ind1="0" ind2="0">
    <subfield code="a">Pour une &#xE9;thique du num&#xE9;rique</subfield>
  </datafield>
  <datafield tag="260" ind1=" " ind2=" ">
    <subfield code="b">Presses Universitaires de France,
									</subfield>
    <subfield code="c">2022.
										</subfield>
  </datafield>
  <datafield tag="520" ind1=" " ind2=" ">
    <subfield code="a">Le monde vit une profonde conversion num&#xE9;rique. Entr&#xE9; dans notre vocabulaire au tournant des ann&#xE9;es 2000, le num&#xE9;rique modifie les m&#xE9;thodes scientifiques et les d&#xE9;marches techniques. Il participe &#xE0; l&#x2019;environnement social et culturel global dans lequel nous vivons etuned&#xE9;marche &#xE9;thiquesp&#xE9;cifique s&#x2019;y rapporte. Cet ouvrage abordeles influences importantes et durables des technologies num&#xE9;riques sur l&#x2019;&#xEA;tre humain et la fascination provoqu&#xE9;e par les machines qui imitent le vivant, mais aussi la remise en jeu, radicale et universelle, de la mani&#xE8;re dont nous consid&#xE9;rons aujourd&#x2019;hui l&#x2019;autonomie humaine, les rapports sociaux et politiques. Ils mettent en lumi&#xE8;re enfin les apports du num&#xE9;rique aux objectifs de d&#xE9;veloppement durable, notamment pour l&#x2019;&#xE9;ducation, la culture, la sant&#xE9;, la justice sociale, l&#x2019;&#xE9;conomie, l&#x2019;environnement. Les membres de Comit&#xE9; national pilote d&#x2019;&#xE9;thique du num&#xE9;rique et plusieurs de leurs coll&#xE8;gues illustrent ces diff&#xE9;rents aspects au travers de textes courts explicitant les concepts et les d&#xE9;fis et en donnant des exemples issus de leurs travaux sur les v&#xE9;hicules dits autonomes, la reconnaissance faciale, les chatbots ou les dilemmes issus de la lutte contre la d&#xE9;sinformation.</subfield>
  </datafield>
  <datafield tag="856" ind1="4" ind2="1">
    <subfield code="u">https://shs.cairn.info/pour-une-ethique-du-numerique--9782130833482?lang=fr&amp;redirect-ssocas=7080</subfield>
  </datafield>
  <datafield tag="999" ind1=" " ind2=" ">
    <subfield code="c">2206329</subfield>
    <subfield code="d">2206329</subfield>
  </datafield>
</record>
